EDUCATION AND THE BRAIN (Record no. 486)
[ view plain ]
| 000 -LEADER | |
|---|---|
| fixed length control field | 00346nam a22000977a 4500 |
| 008 - FIXED-LENGTH DATA ELEMENTS--GENERAL INFORMATION | |
| fixed length control field | 150824b xxu||||| |||| 00| 0 eng d |
| 082 ## - | |
| Classification number | 307 NAT |
| 100 ## - MAIN ENTRY--PERSONAL NAME | |
| Personal name | CHALL JEANNE S. |
| 245 ## - TITLE STATEMENT | |
| Title | EDUCATION AND THE BRAIN |
| Remainder of title | THE SEVENTHY-SEVENTH YEARBOOK OF THE NATIONAL SOCIETY FOR THE STUDY OF EDUCATION |
| 260 ## - PUBLICATION, DISTRIBUTION, ETC. (IMPRINT) | |
| Place of publication, distribution, etc. | CHICAGO |
| Name of publisher, distributor, etc. | THE UNIVERSITY OF CHICAGO PRESS |
| Date of publication, distribution, etc. | 1978 |
| Withdrawn status | Lost status | Source of classification or shelving scheme | Damaged status | Koha normalized classification for sorting | Not for loan | Home library | Current library | Shelving location | Date acquired | Total Checkouts | Full call number | Barcode | Date last seen | Price effective from | Koha item type |
|---|---|---|---|---|---|---|---|---|---|---|---|---|---|---|---|
| Dewey Decimal Classification | 307_000000000000000_NAT | Dodoma | Dodoma | Ground Floor | 24/08/2015 | 307 NAT | 000000005050 | 29/07/2019 | 24/08/2015 | BOOKS |
